[Event "IRI-ch Online"]
[Site "Chess.com INT"]
[Date "2021.03.18"]
[Round "11"]
[White "Salehi Pour, Eilia"]
[Black "Hosseini, Morteza"]
[Result "0-1"]
[WhiteElo "1712"]
[BlackElo "1862"]
[PlyCount "118"]
[EventDate "2021.03.15"]
[EventType "swiss (rapid)"]
[EventRounds "11"]
[EventCountry "IRI"]
[SourceTitle "CBM 201 Extra"]
[Source "ChessBase"]
[SourceDate "2021.05.31"]
[SourceVersion "1"]
[SourceVersionDate "2021.05.31"]
[SourceQuality "1"]

1. e4 c5 2. Nf3 e6 3. d4 cxd4 4. Nxd4 Nc6 5. Nb5 d6 6. Bf4 e5 7. Be3 Nf6 8. N1c3 Be6 9. Bg5 Rc8 10. Be2 a6 11. Na3 h6 12. Bxf6 Qxf6 13. Nd5 Qg6 14. Bf3 Nd4 15. Ne3 Be7 16. c3 Nxf3+ 17. Qxf3 0-0 18. 0-0 Rfd8 19. Rfd1 b5 20. Nac2 a5 21. a4 Rb8 22. axb5 Rxb5 23. b4 axb4 24. Nxb4 Rc8 25. Nbd5 Bd8 26. Ra6 h5 27. h3 Bh4 28. Nf5 Rxd5 29. Rxd5 Bxd5 30. exd5 Qg5 31. Nxd6 Rf8 32. Qe3 Qg6 33. Qe4 Qg5 34. Ra1 Rb8 35. Nf5 Bxf2+ 36. Kxf2 Rb2+ 37. Kg1 g6 38. Nd6 f5 39. Qf3 e4 40. Qf1 e3 41. Re1 Rf2 42. Nc4 Rxf1+ 43. Rxf1 Qg3 44. Rf3 Qe1+ 45. Kh2 e2 46. Re3 Qd1 47. Re8+ Kg7 48. Re7+ Kf6 49. Re6+ Kg7 50. Re7+ Kf8 51. d6 e1Q 52. Rxe1 Qxe1 53. d7 Ke7 54. Nb6 Qe5+ 55. Kh1 Qc5 56. Na4 Qc6 57. Nb2 Kxd7 58. Nd3 Qxc3 59. Nf4 Qc1+ 0-1